Human resource management : Text and cases (Record no. 134914)

MARC details
000 -LEADER
fixed length control field 00394nam a2200157Ia 4500
008 - FIXED-LENGTH DATA ELEMENTS--GENERAL INFORMATION
fixed length control field 230917s9999||||xx |||||||||||||| ||und||
040 ## - CATALOGING SOURCE
-- 160611
Original cataloging agency VIVEKANANDA LIBRARY
041 ## - Language
-- English
082 ## - DDC NUMBER
Classification number 658.3 R18H(2)
100 ## - MAIN ENTRY--PERSONAL NAME
Personal name Rao, V S P
245 #0 - TITLE STATEMENT
Title Human resource management : Text and cases
250 ## - EDITION STATEMENT
Edition statement 2nd ed.
260 ## - PUBLICATION, DISTRIBUTION, ETC. (IMPRINT)
Place of publication, distribution, etc New Delhi
Name of publisher, distributor, etc Excel Books
Date of publication, distribution, etc 2005
300 ## - PHYSICAL DESCRIPTION
Pages xv, 709 p.
942 ## - ADDED ENTRY ELEMENTS (KOHA)
Koha item type Books
Holdings
Withdrawn status Lost status Source of classification or shelving scheme Damaged status Not for loan Location (home branch) Sublocation or collection (holding branch) Date acquired Koha issues (times borrowed) Koha full call number Accession No. Koha date last seen Koha item type Shelving location
Withdrawn   Dewey Decimal Classification Damaged   VIVEKANANDA LIBRARY VIVEKANANDA LIBRARY 11/05/2014   658.3 R18H(2) 234699 17/09/2023 Books  
          VIVEKANANDA LIBRARY VIVEKANANDA LIBRARY 11/05/2014   658.3 R18H(2) 238028 17/09/2023 Books  
          VIVEKANANDA LIBRARY VIVEKANANDA LIBRARY 11/05/2014 1 658.3 R18H(2) 277424 02/01/2026 Books IHTM Library
          VIVEKANANDA LIBRARY VIVEKANANDA LIBRARY 11/05/2014   658.3 R18H(2) 279588 17/09/2023 Books IMSAR Library
          VIVEKANANDA LIBRARY VIVEKANANDA LIBRARY 11/05/2014   658.3 R18H(2) 279734 17/09/2023 Books IMSAR Library
          VIVEKANANDA LIBRARY VIVEKANANDA LIBRARY 11/05/2014   658.3 R18H(2) 279735 17/09/2023 Books IMSAR Library
          VIVEKANANDA LIBRARY VIVEKANANDA LIBRARY 11/05/2014 1 658.3 R18H(2) 279736 06/11/2023 Books IMSAR Library
          VIVEKANANDA LIBRARY VIVEKANANDA LIBRARY 11/05/2014   658.3 R18H(2) 279737 17/09/2023 Books IMSAR Library
          VIVEKANANDA LIBRARY VIVEKANANDA LIBRARY 11/05/2014   658.3 R18H(2) 290712 17/09/2023 Books  
© Designed and Maintained by Vivekananda Library, MDU Rohtak